ā-Deklination (1. Deklination) - Statistiken

Allgemein
  • Dieses Quiz wurde 80 mal gespielt
  • Das Durchschnittsergebnis liegt bei 9 aus 10
Antwortstatistiken
Hint Antwort % Korrekt
Nom. (Vok.) Sg. amīca
100%
Gen. Sg. amīcae
98%
Dat. Sg. amīcae
91%
Nom. (Vok.) Pl. amīcae
91%
Abl. Sg. amīcā
89%
Akk. Sg. amīcam
89%
Gen. Pl. amīcārum
89%
Akk. Pl. amīcās
86%
Dat. Pl. amīcīs
82%
Abl. Pl. amīcīs
82%
Keine übereinstimmenden Quizze gefunden
Verteilung der Resultate
Anzahl Personen mit jedem Resultat
Perzentil nach korrekt beantworteten Fragen
Ihre Resultats-Entwicklung
Sie haben dieses Quiz noch nicht gespielt